01018nmm a2200337 a 4500003000900000005001700009008004100026020001800067040001300085100001900098245002900117250001200146260007000158300002800228504002900256585003800285650001400323650001800337650003500355650002400390651002100414651001100435651001900446653002300465653002600488653002900514942000700543998001100550999001700561952010200578AR-BaBNM20251128211104.0082120s1982 ||||||||||||||000 | spa|| a968-58-0263-7 cAR-BaBNM1 aRibeiro, Darcy10aLa universidad necesaria a1ª ed. aMéxico, D.F.bUniversidad Nacional Autónoma de Méxicoc19820 a274 p.bgráf., tablas aBibliografía en p. 265 aExpuesto en: Feria del Libro 2006 4aEDUCACION 4aUNIVERSIDADES 4aORGANIZACION DE LA UNIVERSIDAD 4aEDUCACION COMPARADA 4aAmérica Latina 4aEuropa 4aEstados Unidos 0aEDUCACION SUPERIOR 0aREFORMA UNIVERSITARIA 0aPOLITICAS UNIVERSITARIAS cBK cAlicia c18177d18177 00102ddc405171aLPLbLPLd2025-11-28l0o378 RIBp130094r2025-11-28 21:11:04w2025-11-28yBK